Metric top diameter sawlog tables.

Bibliographic Details
Corporate Author: Great Britain. Forestry Commission
Format: Book
Language:English
Published: London : H.M. Stationery Off, [1970]
Series:Forestry Commission booklet ; 31.
Subjects:

MARC

Tag First Indicator Second Indicator Subfields
LEADER 00000cam a2200000 4500
001 in00000094369
005 20150927110436.0
008 710726s1970 enk 00000 eng
010 |a  70575630  
015 |a B*** 
020 |a 0117100099  |c 2/6- 
035 |a (OCoLC)00152493 
035 |9 AAL6234AM 
040 |a DLC  |c DLC  |d TXA  |d UtOrBLW 
049 |a TXAM  |c [956671] 
050 0 0 |a TS825  |b .G74 
082 0 |a 674 
110 1 |a Great Britain.  |b Forestry Commission. 
245 1 0 |a Metric top diameter sawlog tables. 
264 1 |a London :  |b H.M. Stationery Off,  |c [1970] 
300 |a 23 pages ;  |c 20 cm. 
336 |a text  |b txt  |2 rdacontent 
337 |a unmediated  |b n  |2 rdamedia 
338 |a volume  |b nc  |2 rdacarrier 
490 1 |a Forestry Commission booklet no. 31 
650 0 |a Lumber  |x Measurement. 
830 0 |a Forestry Commission booklet ;  |v 31. 
999 |a MARS 
999 f f |s eac01846-1f92-3fef-b7da-02058795ac4d  |i 1c9a94f6-8f18-30b0-9189-8fb0dea43da3  |t 0 
952 f f |p normal  |a Texas A&M University  |b College Station  |c Sterling C. Evans Library  |d Evans: Library Stacks  |t 0  |e TS825 .G74  |h Library of Congress classification  |i unmediated -- volume  |m A14805649482 
998 f f |a TS825 .G74  |t 0  |l Evans: Library Stacks